00755 2200241 4500001002100000005001700021008004100038020001800079035002400097040001200121082002200133084002200155090002200177100003000199245012300229260002800352300003400380650003600414850001200450990001700462990001700479990001700496INLIS00000000000084920141117105804.0  a602-8335-74-6 0010-111400000000208 aYOPDYOG aCoE 959.863 Muh M aCoE 959.863 Muh M aCoE 959.863 Muh M aMUHAMMAD RIDWAN ALIMUDDIN aMandar nol kilometerb: Membaca Mandar lampau dan hari ini : kumpulan esai tentang Mandarc/ Muhammad Ridwan Alimuddin aYogyakartabOmbakc2011 axx, 332 hlm.;c21 cm (3 eks.) aMandar-Sulawesi Selatan-Sejarah aYOPDYOG a3351-PD/B.14 a3352-PD/B.14 a3353-PD/B.14